Religión y política. Sus relaciones en el actual magisterio de la Iglesia Católica y a través de la historia constitucional argentina.

সংরক্ষণ করুন:
গ্রন্থ-পঞ্জীর বিবরন
প্রধান লেখক: Santiago, Alfonso (autor)
বিন্যাস: গ্রন্থ
ভাষা:ইংরেজি
প্রকাশিত: Buenos Aires, República Argentina: Ad-Hoc, 2008.
মালা:Estudios de Filosofía del Derecho y de Derechos Constitucionales,
বিষয়গুলি:
ট্যাগগুলো: ট্যাগ যুক্ত করুন
কোনো ট্যাগ নেই, প্রথমজন হিসাবে ট্যাগ করুন!

MARC

LEADER 00000nam a22000007a 4500
003 CL-VaPUC
005 20250103100420.0
008 231031t2008 ||||| |||| 00| 0 eng d
999 |c 442227  |d 442225 
020 |a 978-950-894-684-3 
040 |c Pontificia Universidad Católica de Valparaíso 
082 |2 22  |a 342.820852 SAN 2008 
100 |9 885430  |a Santiago, Alfonso  |e autor 
245 |a Religión y política.  |b Sus relaciones en el actual magisterio de la Iglesia Católica y a través de la historia constitucional argentina. 
260 |a Buenos Aires, República Argentina:   |b Ad-Hoc,  |c 2008. 
300 |a 592 páginas. 
490 |a Estudios de Filosofía del Derecho y de Derechos Constitucionales,   |n  3. 
500 |a c.1 Donación Sr. Jorge Precht Pizarro. 26-05-23. Biblioteca Teología. 
583 |c 20231031  |k Yessy Sthefany Diaz Vidal 
650 0 |a Iglesia Católica  |x Aspectos políticos, legislativos y sociales  |x Constitución  |z Argentina   |9 256114 
650 0 |9 254995  |a Iglesia y Estado  |x Reformas constitucionales  |x Libertad religiosa   |z Argentina 
942 |2 ddc  |c BK 
952 |0 0  |1 0  |2 ddc  |4 0  |6 342_820852000000000_SAN_2008  |7 0  |8 A  |9 592204  |a BIBTEO  |b BIBTEO  |c GEN  |d 2023-10-31  |e Donación   |i 5659211  |o 342.820852 SAN 2008  |p 5659211  |r 2025-01-17  |t 1  |w 2023-10-31  |y BK  |k ICR